[Event "NED-ch op-B"]
[Site "Borne"]
[Date "2019.08.10"]
[Round "9"]
[White "Geldof, Max"]
[Black "Vijver, Jonathan"]
[Result "0-1"]
[WhiteElo "749"]
[BlackElo "999"]
[PlyCount "44"]
[EventDate "2019.08.05"]
[EventType "swiss"]
[EventRounds "9"]
[EventCountry "NED"]
[SourceTitle "EXT 2020"]
[Source "ChessBase"]
[SourceDate "2019.10.17"]
[SourceVersion "1"]
[SourceVersionDate "2019.10.17"]
[SourceQuality "1"]

1. e4 e5 2. Nf3 Nc6 3. Nc3 Nf6 4. d3 d5 5. Bg5 d4 6. Nd5 Be7 7. Bxf6 Bxf6 8. Be2 Be6 9. 0-0 Bxd5 10. exd5 Qxd5 11. c4 Qd8 12. Re1 0-0 13. Qd2 Ne7 14. Bd1 Ng6 15. Qb4 b6 16. Qb5 c5 17. Ba4 Nf4 18. Rad1 h6 19. Nxe5 Bxe5 20. Rxe5 Qf6 21. Rde1 Nxd3 22. Re8 Qxf2+ 0-1

[Event "NED-ch op-B"]
[Site "Borne"]
[Date "2019.08.08"]
[Round "1"]
[White "Kanno, Gabriel Felix"]
[Black "Geldof, Max"]
[Result "0-1"]
[WhiteElo "350"]
[BlackElo "749"]
[PlyCount "38"]
[EventDate "2019.08.05"]
[EventType "swiss"]
[EventRounds "9"]
[EventCountry "NED"]
[SourceTitle "EXT 2020"]
[Source "ChessBase"]
[SourceDate "2019.10.17"]
[SourceVersion "1"]
[SourceVersionDate "2019.10.17"]
[SourceQuality "1"]

1. e4 e5 2. Nf3 Nc6 3. Bc4 Nf6 4. Ng5 d5 5. exd5 Na5 6. Bb5+ c6 7. dxc6 bxc6 8. Bc4 Nxc4 9. 0-0 Bc5 10. d3 Bg4 11. Qe1 Nd6 12. h3 Be6 13. Nf3 0-0 14. Bg5 h6 15. Bxf6 Qxf6 16. Qa5 Bb6 17. Qa6 Bd5 18. Nfd2 Qg5 19. g3 Qxg3# 0-1